| 000 | 01500nab a2200289 i 4500 | ||
|---|---|---|---|
| 003 | BR-BrBNA | ||
| 005 | 20260323160752.0 | ||
| 008 | 260323b2017 bl.ar|pooa||| 00| 0 eng | | ||
| 040 |
_aBR-BrBNA _beng |
||
| 072 |
_aH10 _b3285 |
||
| 072 | _b4010 | ||
| 100 | _aPeres-Filho, Otávio | ||
| 100 | _aBen-Dov, Yair | ||
| 100 | _aWolff, Vera Regina dos Santos | ||
| 100 | _aDorval, Alberto | ||
| 100 | _aSouza, Marcelo Dias de | ||
| 245 | _aMaconellicoccus hirsutus (Green) Register in Teak Forest Santds in the Mato Grosso State, Brazil | ||
| 500 | _aPublicação on-line; 13 ref.; 1 illus.; Summary (En) | ||
| 520 | _a ABSTRACT The pink hibiscus mealybug, Maconellicoccus hirsutus Green (Hemiptera, Pseudococcidae) is registered for the first time in teak forest stands, Tectona grandis, in the municipality of São José de Quatro Marcos, State of Mato Grosso, Brazil. Information on the geographical distribution, biology, damage and management of this pest is provided. Keywords: pink hibiscus mealybug, exotic pest, Tectona grandis. | ||
| 650 | _aTECTONA GRANDIS | ||
| 650 | _aCOCHONILHA ROSADA | ||
| 650 | _aPRAGA EXÓTICA | ||
| 773 | 0 |
_02929 _9347945 _dRio de Janeiro-RJ Instituto de Florestas - UFRRJ 1994 _o2025-0444 _tFloresta e Ambiente (Brazil) _x1415-0980 / ISSN 2179-8087 0nline _gv. 24 p. 1-3; (2017) _wBR2026000284 |
|
| 856 | _uhttps://www.scielo.br/j/floram/a/nDbkjzy3pzKjCjpMwSbpfdH/?format=pdf&lang=en | ||
| 942 | _cANA | ||
| 999 |
_c341005 _d341005 |
||